000
00277nam a2200097Ia 4500
001
1300097
005
20260420095857.0
008
260420s9999 xx 000 0 und d
245
0
_a
KÜÇÜK DİNAZOR RESİM YAPMAK İSTEMİYOR
_c
AYSEL GÜRMEN
260
_b
TİMAŞ ÇOCUK YAYINLARI
999
_c
1300097
_d
1300097